000 00490cam a2200181 a 4500
020 _a0801613728
040 _cDLC
082 0 0 _a616 MOS 1992 A046 Or.
100 1 _aChipps, Esther M.
245 1 0 _aNeurologic disorders /
260 _aSt. Louis :
_bMosby Year Book,
_cc1992.
300 _aix, 325 p. :
_bill. (some col.) ;
_c29 cm.
650 0 _aNeurological nursing.
650 2 _aNervous System Diseases
700 1 _aClanin, Norma J.
700 1 _aCampbell, Victor G.
942 _cEK
999 _c13534
_d13534